000
00252nam a22001097a 4500
008
230703b xxu||||| |||| 00| 0 eng d
082
_a
342.02
_b
BHA 1986
245
_a
World Constitutions
260
_b
S.K. Ghai
_c
1986
300
_a
70p
942
_2
ddc
_c
BK
999
_c
3542
_d
3542